| 000 | 00734 a2200205 4500 | ||
|---|---|---|---|
| 003 | Nust | ||
| 005 | 20230124102244.0 | ||
| 010 | _a 95022592 | ||
| 020 | _a1562053973 | ||
| 040 | _cNust | ||
| 082 | 0 | 0 | _a384.33,KUM |
| 100 | 1 |
_aKumar, Vinay, _9107514 |
|
| 245 | 1 | 0 |
_aMBone--interactive multimedia on the Internet / _cVinay Kumar. |
| 260 |
_aIndianapolis, Ind. : _bNew Riders Pub., _cc1996. |
||
| 300 |
_axv, 232 p. : _bill., maps ; _c24 cm. |
||
| 505 | _aPart i,The MBone Architecture (Page-5), Part ii: MBone Communication and Intergration (Page-59), Part iii: Appendixes (Page-159), Part iv: Bibliography (Page-213). | ||
| 650 | 0 |
_aInteractive multimedia. _931327 |
|
| 650 | 0 |
_aInternet. _917965 |
|
| 942 |
_cREF _2ddc _k384.33,KUM |
||
| 999 |
_c175176 _d175176 |
||